00425nam a22001577a 450000500170000001000130001702000260003003500130005603700090006908200080007810000180008624500900010426000300019430000200022470000230024420250109153840.0 aB-761650 a9789358705591c505.00 aB-761650 bGift a480 aGill, Jyotika aS. Chands's New The English Dale;bCoursebook 3/cJyotika Gill Alice Velangani Joseph aNew DelhibS. Chandc2024 a132p.c28cm(pb) a Joseph, Velangani